000 007810000a22002290004500
020 _a84-8169-389-8
041 0 _aSpa.
082 0 4 _aG 253.53 G888o
100 1 _aGrün, Anselm (1945-)
245 1 0 _aOrientar personas, despertar vidas : sugerencias inspiradas en reglas de san Benito / Anselm Grün
250 _a5 ed.
260 _aEspaña : Verbo Divino
300 _a161 Pag.
440 0 _aCol. Surcos; No. 64
505 0 0 _aLa dirección como servicio \ La actitud ante las personas \ La preocupación por uno mismo
650 1 4 _aDIRECCION ESPIRITUAL \ TRABAJO SOCIAL DE GRUPO \ DISCIPULADO \ MAYORDOMÍA CRISTIANA
001 14945
942 _cBK
999 _c43761
_d43761
336 _atexto
_btxt
_2rdacontent
337 _2rdamedia
_asin mediación
_bn
338 _2rdacarrier
_avolumen
_bnc